<?xml version="1.0" encoding="UTF-8"?>
<collection xmlns="http://www.loc.gov/MARC21/slim">
<record>
  <controlfield tag="001">5838</controlfield>
  <controlfield tag="005">20220922115931.0</controlfield>
  <datafield tag="024" ind1="7" ind2=" ">
    <subfield code="a">10.1093/gji/ggs092</subfield>
    <subfield code="2">DOI</subfield>
  </datafield>
  <datafield tag="037" ind1=" " ind2=" ">
    <subfield code="a">SCART-2022-0084</subfield>
  </datafield>
  <datafield tag="100" ind1=" " ind2=" ">
    <subfield code="a">Sarti, Pierguido</subfield>
  </datafield>
  <datafield tag="245" ind1=" " ind2=" ">
    <subfield code="a">Intrasite motions and monument instabilities at Medicina ITRF co-location site </subfield>
  </datafield>
  <datafield tag="260" ind1=" " ind2=" ">
    <subfield code="c">2013</subfield>
  </datafield>
  <datafield tag="520" ind1=" " ind2=" ">
    <subfield code="a">We process the total-station surveys performed at the ITRF co-location site Medicina (Northern Italy) over the decade (2001–2010) with the purpose of determining the extent of local intrasite motions and relating them to local geophysical processes, the geological setting and the design of the ground pillars. In addition, continuous observations acquired by two co-located GPS stations (MEDI and MSEL separated by ≈27 m) are analysed and their relative motion is cross-checked with the total-station results. The local ground control network extends over a small area (&lt;100 × 100 m) but the results demonstrate significant anisotropic deformations with rates up to 1.6 mm a−1, primarily horizontal, a value comparable to intraplate tectonic deformations. The results derived from GPS and total-station observations are consistent and point to the presence of horizontal intrasite motions over very short distances possibly associated with varying environmental conditions in a very unfavourable local geological setting and unsuitable monument design, these latter being crucial aspects of the realization and maintenance of global permanent geodetic networks and the global terrestrial reference frame.</subfield>
  </datafield>
  <datafield tag="594" ind1=" " ind2=" ">
    <subfield code="a">NO</subfield>
  </datafield>
  <datafield tag="653" ind1="1" ind2=" ">
    <subfield code="a">Time-series analysis</subfield>
  </datafield>
  <datafield tag="653" ind1="1" ind2=" ">
    <subfield code="a"> Reference systems</subfield>
  </datafield>
  <datafield tag="653" ind1="1" ind2=" ">
    <subfield code="a"> Space geodetic surveys</subfield>
  </datafield>
  <datafield tag="653" ind1="1" ind2=" ">
    <subfield code="a"> Intraplate processes</subfield>
  </datafield>
  <datafield tag="653" ind1="1" ind2=" ">
    <subfield code="a"> Europe</subfield>
  </datafield>
  <datafield tag="700" ind1=" " ind2=" ">
    <subfield code="a">Abbondanza, Claudio</subfield>
  </datafield>
  <datafield tag="700" ind1=" " ind2=" ">
    <subfield code="a">Legrand, Juliette</subfield>
  </datafield>
  <datafield tag="700" ind1=" " ind2=" ">
    <subfield code="a">Bruyninx, Carine</subfield>
  </datafield>
  <datafield tag="700" ind1=" " ind2=" ">
    <subfield code="a">Vittuari, Luca</subfield>
  </datafield>
  <datafield tag="700" ind1=" " ind2=" ">
    <subfield code="a">Ray, Jim</subfield>
  </datafield>
  <datafield tag="773" ind1=" " ind2=" ">
    <subfield code="p">Geophysical Journal International</subfield>
    <subfield code="v">192</subfield>
    <subfield code="y">2013</subfield>
    <subfield code="n">3</subfield>
    <subfield code="c">1042-1051</subfield>
  </datafield>
  <datafield tag="856" ind1="0" ind2=" ">
    <subfield code="f">elodie.brahy@ksb-orb.be</subfield>
  </datafield>
  <datafield tag="856" ind1="4" ind2="2">
    <subfield code="a">https://academic.oup.com/gji/article/192/3/1042/823773</subfield>
  </datafield>
  <datafield tag="905" ind1=" " ind2=" ">
    <subfield code="a">published in</subfield>
  </datafield>
  <datafield tag="980" ind1=" " ind2=" ">
    <subfield code="a">REFERD</subfield>
  </datafield>
</record>
</collection>